Elements of industrial organization / (Record no. 1330)
[ view plain ]
| 000 -LEADER | |
|---|---|
| fixed length control field | 00468cam a2200181ua 4500 |
| 041 ## - LANGUAGE CODE | |
| Language code of text/sound track or separate title | eng |
| 082 ## - DEWEY DECIMAL CLASSIFICATION NUMBER | |
| Classification number | 330.0162 |
| Item number | BUR/EL |
| 100 ## - MAIN ENTRY--AUTHOR NAME | |
| Personal name | Burnham, T.H. |
| 245 ## - TITLE STATEMENT | |
| Title | Elements of industrial organization / |
| 260 ## - PUBLICATION, DISTRIBUTION, ETC. (IMPRINT) | |
| Place of publication | London : |
| Name of publisher | Sir Isaac Pitman & Sons Ltd , |
| Year of publication | 1958. |
| 300 ## - PHYSICAL DESCRIPTION | |
| Number of Pages | 330 ; . |
| 700 1# - ADDED ENTRY--PERSONAL NAME | |
| Personal name | Hoskins, G.O. |
| 942 ## - ADDED ENTRY ELEMENTS (KOHA) | |
| Koha item type | Books |
| Withdrawn status | Lost status | Damaged status | Home library | Current library | Date acquired | Full call number | Accession Number | Koha item type |
|---|---|---|---|---|---|---|---|---|
| Withdrawn | KAUAET | Sanskrit University | 07/04/2012 | 330.0162 | 12242 | Books |
